Pays de la Coupe du monde 2026. - Statistiques

Statistiques générales
  • Ce quiz a été pris 1 675 fois
    894 depuis la dernière actualisation
  • Le résultat moyen est 38 sur 48
Statistiques - réponses
Équipes % Correct
France
99%
Maroc
96%
Portugal
96%
Espagne
96%
États-Unis
96%
Brésil
95%
Argentine
95%
Mexique
95%
Sénégal
95%
Japon
93%
Canada
93%
Algérie
92%
Norvège
92%
Angleterre
92%
Allemagne
89%
Belgique
88%
Corée du Sud
87%
Suède
87%
Iran
86%
Pays-Bas
85%
Tunisie
85%
Suisse
85%
Australie
84%
Colombie
84%
Uruguay
82%
Égypte
80%
Turquie
78%
Irak
78%
RD Congo
75%
Équateur
74%
Afrique du Sud
74%
Arabie saoudite
73%
Croatie
73%
Nouvelle-Zélande
72%
Ghana
70%
Autriche
69%
Bosnie-Herzégovine
69%
Qatar
68%
Écosse
67%
Côte d'Ivoire
67%
Haïti
61%
Paraguay
59%
Tchéquie
59%
Panama
57%
Curaçao
54%
Cap-Vert
47%
Ouzbékistan
43%
Jordanie
41%
Aucun quiz correspondant
Distribution des résultats
% des personnes avec chaque résultat
Percentile par nombre de réponses
Votre historique - résultats
Vous n’avez pas pris ce quiz depuis la dernière actualisation